00669nam a2200241 a 4500001001300000003000900013005001700022008004100039020001000080082001600090100002000106245003000126260003300156300000900189500003500198505001000233650001800243700002000261902000800281942000700289952011600296999001500412nice12345678IN_TiNIC20260116012137.0050524s1914 dela grp 000 0 ara  ac10000a892.71bATA aAtahiya, Abi Al aAl-Awadul Zahiya Fi Diwan aDelhibDeni Book Depotc1914 a307p aincludes index and biblioraphy2 aNotes aArabic-Poetry1 aAtahiya, Abi Al bSRS cBK 001040708StackRoom-aHMIbHMId2007-06-04g100.00l0o892.71 ATAp09599r2007-06-04v100.00w2005-05-24yBK c5809d5809